Sistemas urbanos alternativos para el biotratamiento y reciclaje de aguas residuales en colonias de bajos ingresos /
Se plantea en este artículo un "sistema urbano alternativo" que proporcione soluciones técnicamente viables al problema del abatecimiento de agua en las periferias. La canalización y tratamiento de aguas residuales por medio del uso de econo-tecnologías permitirá la reutilización de aquéll...
Salvato in:
| Autore principale: | |
|---|---|
| Natura: | testo |
| Soggetti: | |
| Tags: |
Aggiungi Tag
Nessun Tag, puoi essere il primo ad aggiungerne!!
|
MARC
| LEADER | 00000 a a2200000 04500 | ||
|---|---|---|---|
| 001 | 11746 | ||
| 003 | |||
| 040 | |||
| 100 | |a Bazant S, Jan | ||
| 245 | |a Sistemas urbanos alternativos para el biotratamiento y reciclaje de aguas residuales en colonias de bajos ingresos / |c Jan Bazant S | ||
| 520 | |a Se plantea en este artículo un "sistema urbano alternativo" que proporcione soluciones técnicamente viables al problema del abatecimiento de agua en las periferias. La canalización y tratamiento de aguas residuales por medio del uso de econo-tecnologías permitirá la reutilización de aquéllas en otros usos domésticos | ||
| 650 | |a CONURBACION | ||
| 650 | |a TUGURIOS | ||
| 650 | |a NECESIDADES DE RECURSO HIDRICO | ||
| 650 | |a ESCASEZ DE AGUA | ||
| 650 | |a AGUA RESIDUALES | ||
| 650 | |a TRATAMIENTO DEL AGUA | ||
| 773 | |g volumen 9, número 36; páginas 241-259 | ||
| 999 | |c 24991 |d 24991 | ||
